Die Kunst der Disputation: probleme der Rechtsauslegung und Rechtsanwendung im 13. und 14. Jahrhundert

Uloženo v:
Podrobná bibliografie
Hlavní autor: Bellomo, Manlio (Autor)
Médium: Kniha
Jazyk:němčina
latina
Vydáno: Múnich R. Oldenbourg 1997
Vydání:1a. ed
Edice:Schriften des Historischen Kollegs, 38
Témata:
Tagy: Přidat tag
Žádné tagy, Buďte první, kdo vytvoří štítek k tomuto záznamu!

MARC

LEADER 00000nam a2200000 a 4500
001 UCK9301
003 CL-VaPUC
008 060428e19970000GW |||||||||||||||||ger|d
020 |a 3486562584 
041 0 7 |a ger  |2 CL-VaPUC 
041 0 7 |a lat  |2 CL-VaPUC 
082 0 4 |a 340.55  |b BEL  |2 21 
100 0 |a Bellomo, Manlio  |e author  |9 499028 
245 1 4 |a Die Kunst der Disputation: probleme der Rechtsauslegung und Rechtsanwendung im 13. und 14. Jahrhundert 
250 |a 1a. ed 
300 |a 248 p 
942 |c BK 
945 |d 20060428 00:00:00  |a cmena 
260 |a Múnich  |b R. Oldenbourg  |c 1997 
650 0 |a Derecho europeo  |9 391498 
650 0 |a Historia del derecho  |9 255109 
650 7 |a DERECHO CANONICO  |2 CL-VaPUC  |9 499029 
650 0 |a Derecho civil  |9 255013 
650 0 |a Fuentes del derecho   |9 255162 
650 0 |a Derecho romano  |9 255930 
650 0 |a Derecho medieval  |9 314261 
583 |a last modification  |c 20060428 00:00:00  |k Rodrigo Vera 
490 0 |a Schriften des Historischen Kollegs, 38 
999 |c 316527  |d 316525 
952 |0 0  |1 0  |4 0  |6 340_550000000000000_BEL_1997  |7 0  |8 DER_HIS  |9 390965  |a BIBDER  |b BIBDER  |d 2019-11-22  |i 4216458  |l 1  |o 340.55 BEL 1997  |p 4216458  |r 2023-01-25  |s 2020-03-17  |w 2019-11-22  |x Ubicación 4to Piso  |y BK  |z Estos recursos deben solicitarse con anticipación  |k DER